Представление документа в формате RUSMARC

ПолеНазваниеЗначение
  Тип записи a
  Библиографический уровень m
001 Контрольный номер RU/CBS_UL/BASE/a90ee463a7374f4c93d8668a72adc4e6
005 Дата корректировки 20240903105819.8
010 Индекс ISBN __
a ISBN 978-5-353-09902-4
b Уточнения в пер.
d Цена 314 р. 00 к.
9 Тираж 3 000 экз.
100 Данные общей обработки __
a Данные общей обработки 20231017d 0rusy0189## ca
101 Язык документа 0_
a Язык текста rus
102 Страна публикации __
a Страна публикации RU
200 Заглавие и сведения об ответственности 1_
a Заглавие Роботы
f Первые сведения об ответственности Б. А. Спасский
g Последующие сведения об ответственности худож. Т. М. Сухоруков
210 Выходные данные 1_
a Место издания Москва
c Издательство РОСМЭН
d Дата издания 2023
215 Физическое описание __
a Объем 47 с.
c Иллюстрации/тип воспроизводства ил.
d Формат 26,5 см.
225 Серия 2_
a Серия Детская энциклопедия
300 Общие примечания __
a Общие примечания 6+
300 Общие примечания __
a Общие примечания Авт. указан в вып. дан.
606 Тематические рубрики 0_
a Основная рубрика Роботы - Энциклопедии для детей
610 Ключевые слова 0_
a Ключевые слова познавательная литература; робототехника; роботы; роботы-курьеры; роботы сервисные; беспилотники; необитаемые подводные аппараты; корабли безэкипажные; устройство роботов; управление роботами; энциклопедии для детей
686 Индексы других классификаций __
2 Код системы rubbk
a Классификационный индекс 32.816
700 Автор _1
a Фамилия Спасский
b Имя (инициалы) Б. А.
g Полное личное имя Борис Андреевич
801 Источник записи _0
a Страна RU
b Организация МБУК ЦБС г. Ульяновска
c Дата составления 20231017
g Правила каталогизации RCR
801 Источник записи _1
a Страна RU
b Организация МБУК ЦБС г. Ульяновска
c Дата составления 20231017
g Правила каталогизации RCR
852 Данные о местонахождении __
i Авторский знак С 71
j Шифр хранения 32.81
900 Электронные ресурсы __
a Имя электронного ресурса Роботы. Спасский. Росмэн
901 Тип документа __
t Тип документа m